Бывшие Монархии - Statistics

General Stats
  • This quiz has been taken 1 590 times
    536 since last reset
  • The average score is 22 of 66
Answer Stats
Год Страна % Correct
1917 Россия
97%
1918 Германия
90%
1870 Франция
86%
1910 Китай
83%
1918 Австрия
76%
1945 Италия
74%
1918 Польша
69%
1945 Венгрия
68%
1910 Португалия
68%
1974 Греция
63%
1950 Индия
61%
1918 Сербия
61%
1979 Иран
58%
1918 Финляндия
57%
1889 Бразилия
56%
1953 Египет
56%
1947 Румыния
56%
1946 Болгария
55%
1958 Ирак
52%
1918 Чехия
52%
1918 Литва
50%
1867 Мексика
46%
1924 Монголия
46%
1937 Ирландия
44%
1978 Афганистан
40%
1944 Албания
38%
1945 Вьетнам
38%
1956 Пакистан
38%
1961 Южно-Африканская Республика
37%
1918 Черногория
33%
1969 Ливия
32%
1490 Грузия
31%
1975 Лаос
28%
1974 Эфиопия
27%
1918 Босния и Герцеговина
26%
2008 Непал
26%
1885 Мьянма
22%
1956 Тунис
22%
1962 Йемен
21%
1960 Кипр
20%
1974 Мальта
18%
1963 Нигерия
15%
1972 Шри-Ланка
15%
1979 Центральноафриканская Республика
14%
2021 Барбадос
11%
1859 Гаити
11%
1964 Кения
11%
1897 Мадагаскар
11%
1966 Ботсвана
9%
1979 Зимбабве
9%
1968 Мальдивы
9%
1960 Гана
8%
1962 Танзания
8%
1987 Фиджи
8%
1966 Бурунди
7%
1964 Замбия
7%
1992 Маврикий
7%
1962 Уганда
7%
1970 Гайана
6%
1966 Малави
6%
1968 Науру
6%
1980 Вануату
5%
1970 Гамбия
5%
1976 Сейшелы
5%
1971 Сьерра-Леоне
3%
1976 Тринидад и Тобаго
3%
No matching quizzes found
Score Distribution
Percent of People with Each Score
Percentile by Number Answered
Your Score History
You have not taken this quiz since the last reset